Máy gia tốc và sự phát kiến các nguyên tố mới Luận văn tốt nghiệp Đại học Sư phạm ngành Vật lí khóa 20
Сохранить в:
| Главный автор: | |
|---|---|
| Формат: | |
| Язык: | Undetermined |
| Опубликовано: |
Cần Thơ
Trường Đại học Cần Thơ, Khoa Sư Phạm, Bộ môn Vật lí
1998
|
| Предметы: | |
| Метки: |
Добавить метку
Нет меток, Требуется 1-ая метка записи!
|
| Thư viện lưu trữ: | Trung tâm Học liệu Trường Đại học Cần Thơ |
|---|
| LEADER | 00737nam a2200193Ia 4500 | ||
|---|---|---|---|
| 001 | CTU_23169 | ||
| 008 | 210402s9999 xx 000 0 und d | ||
| 082 | |a 539.7 | ||
| 082 | |b V500/1998 | ||
| 100 | |a Trần Văn Vũ | ||
| 245 | 0 | |a Máy gia tốc và sự phát kiến các nguyên tố mới | |
| 245 | 0 | |b Luận văn tốt nghiệp Đại học Sư phạm ngành Vật lí khóa 20 | |
| 245 | 0 | |c Trần Văn Vũ | |
| 260 | |a Cần Thơ | ||
| 260 | |b Trường Đại học Cần Thơ, Khoa Sư Phạm, Bộ môn Vật lí | ||
| 260 | |c 1998 | ||
| 650 | |a nuclear physics | ||
| 904 | |i Nguyễn Quang Điền, 980728 | ||
| 980 | |a Trung tâm Học liệu Trường Đại học Cần Thơ | ||